| 000 | 00774nam a2200181 a 4500 | ||
|---|---|---|---|
| 008 | 070219s2006 ||||||||||||||||| || u | ||
| 050 | _aIBRD(08)PRWP/3987 | ||
| 100 | _aBogetic, Zeljko | ||
| 245 | 1 | 0 | _aInternational benchmarking of infrastructure performance in the Southern African customs union countries |
| 260 |
_aWashington, D. C. _bWorld Bank _c2006 |
||
| 300 | _aii, 60p.;ill. | ||
| 350 | _a0.00 | ||
| 490 | _aWorld Bank policy research working papers | ||
| 650 | _aRESEARCH COLLABORATION | ||
| 650 | _aINFRASTRUCTURE PERFORMANCE--SOUTHERN AFRICA | ||
| 700 | _aFedderke, Johannes W | ||
| 995 |
_D0.00 _FCBU-MAIN LIBRARY (Kitwe) _H1 _I0.00 _M1 _UAVAILABLE _WFeb 19, 2007 _ZInternational Publications |
||
| 999 |
_c47291 _d47291 |
||